00221nam a22000977a 4500008004100000041000800041080000800049100000700057101000800064245005100072181004b xxu||||| |||| 00| 0 eng d aeng a710 a45 aART aThe Great Centuries Of Painting cSkira .A